|
|
|
|
| LEADER |
00000nam0a2200000 4500 |
| 001 |
191277 |
| 005 |
20231101224336.0 |
| 010 |
|
|
|a 9785060060676
|
| 035 |
|
|
|a (RuTPU)RU\TPU\book\208546
|
| 035 |
|
|
|a RU\TPU\book\52744
|
| 090 |
|
|
|a 191277
|
| 100 |
|
|
|a 20030415d2010 m y0rusy50 ca
|
| 101 |
0 |
|
|a rus
|
| 102 |
|
|
|a RU
|
| 105 |
|
|
|a a j 001zy
|
| 200 |
1 |
|
|a Принципы технологии основного органического и нефтехимического синтеза
|e учебное пособие для вузов
|f В. С. Тимофеев, Л. А. Серафимов, А. В. Тимошенко
|
| 205 |
|
|
|a 3-е изд., перераб. и доп.
|
| 210 |
|
|
|a Москва
|c Высшая школа
|d 2010
|
| 215 |
|
|
|a 408 с.
|c ил.
|
| 225 |
1 |
|
|a Для высших учебных заведений. Химическая технология
|
| 320 |
|
|
|a Библиогр.: с. 408.
|
| 330 |
|
|
|a Рассмотрена технология основного органического и нефтехимического синтеза. Даны режимы работы технологических объектов. Изложены системные закономерности, используемые при создании и оптимизации производства, а также принципы автоматизированного проектирования производств. Приведены теоретические основы и технологические принципы оформления реакционных подсистем и совмещенных процессов. Представлены физико-химические основы и технологическое оформление массообменных подсистем. Изложены принципы создания безотходных производств. Рассмотрена технология получения важнейших продуктов основного органического и нефтехимического синтеза (стирола, фенола и ацетона, спиртов, альдегидов и др.) на базе изложенных принципов.
|
| 451 |
|
1 |
|0 (RuTPU)RU\TPU\book\52744
|y 5-06-004267-7
|t Принципы технологии основного органического и нефтехимического синтеза
|o учебное пособие для вузов
|f В. С. Тимофеев, Л. А. Серафимов
|e 2-е изд., перераб.
|c М.
|n Высшая школа
|d 2003
|p 536 с.
|a Тимофеев, Владимир Савельевич
|
| 606 |
1 |
|
|a Органический синтез
|x Процессы
|2 stltpush
|3 (RuTPU)RU\TPU\subj\73683
|9 86544
|
| 606 |
1 |
|
|a Нефтехимический синтез
|x Сырье
|2 stltpush
|3 (RuTPU)RU\TPU\subj\34174
|9 56194
|
| 610 |
1 |
|
|a химическая технология
|
| 610 |
1 |
|
|a теоретические основы
|
| 610 |
1 |
|
|a системные подходы
|
| 610 |
1 |
|
|a технология
|
| 610 |
1 |
|
|a химические реакции
|
| 610 |
1 |
|
|a реакторные устройства
|
| 610 |
1 |
|
|a разделение
|
| 610 |
1 |
|
|a фазовое равновесие
|
| 610 |
1 |
|
|a малоотходные технологии
|
| 610 |
1 |
|
|a безотходные производства
|
| 610 |
1 |
|
|a органические продукты
|
| 610 |
1 |
|
|a крупные производства
|
| 610 |
1 |
|
|a ароматические углеводороды
|
| 610 |
1 |
|
|a алкилирование
|
| 610 |
1 |
|
|a стирол
|
| 610 |
1 |
|
|a оксиды олефинов
|
| 610 |
1 |
|
|a фенолы
|
| 610 |
1 |
|
|a ацетон
|
| 610 |
1 |
|
|a метанол
|
| 610 |
1 |
|
|a оксосинтез
|
| 610 |
1 |
|
|a этиловый спирт
|
| 610 |
1 |
|
|a изопропиловый спирт
|
| 610 |
1 |
|
|a ацетальдегид
|
| 610 |
1 |
|
|a винилацетат
|
| 610 |
1 |
|
|a хлорорганические продукты
|
| 610 |
1 |
|
|a производство
|
| 610 |
1 |
|
|a учебные пособия
|
| 675 |
|
|
|a 661.7(075.8)
|v 3
|
| 675 |
|
|
|a 665.652.7(075.8)
|v 3
|
| 700 |
|
1 |
|a Тимофеев
|b В. С.
|g Владимир Савельевич
|
| 701 |
|
1 |
|a Серафимов
|b Л. А.
|g Леонид Антонович
|
| 701 |
|
1 |
|a Тимошенко
|b А. В.
|g Андрей Всеволодович
|
| 801 |
|
1 |
|a RU
|b 63413507
|c 20110203
|
| 801 |
|
2 |
|a RU
|b 63413507
|c 20151014
|g RCR
|
| 900 |
|
|
|a Технология основного органического и неорганического синтеза
|
| 900 |
|
|
|a Химическая технология первичной и глубокой переработки нефти
|
| 900 |
|
|
|a Химия и технология основного органического и нефтехимического синтеза
|
| 900 |
|
|
|a Физико-химические основы технологии получения органических веществ
|
| 942 |
|
|
|c BK
|
| 951 |
|
|
|b 240000
|
| 959 |
|
|
|a 19/20110203
|d 5
|e 992,20
|f УФ:4
|f ЧЗТЛ:1
|
| 959 |
|
|
|a 117/20120918
|d 15
|e 992,20
|f УФ:15
|